Pour une renaissance de l'academie platonicienne

Kaydedildi:
Detaylı Bibliyografya
Yazar: Bluher, Hans
Materyal Türü: Kitap
Dil:İngilizce
Etiketler: Etiketle
Etiket eklenmemiş, İlk siz ekleyin!

MARC

LEADER 00000nam a2200000 4500
005 20240724173219.0
008 240724b |||||||| |||| 00| 0 eng d
040 |c GP 
100 |a Bluher, Hans 
245 |a Pour une renaissance de l'academie platonicienne 
942 |2 ddc  |c BK  |n 0 
952 |0 0  |1 0  |2 ddc  |4 0  |6 840_000000000000000_BLU  |7 1  |9 1719  |a RM  |b RM  |d 2024-07-24  |l 0  |o 840 BLU  |p 485  |r 2024-07-24 17:32:39  |w 2024-07-24  |y BK 
999 |c 1532  |d 1532